The law of intestate and Testamentary succession
Salvato in:
| Autore principale: | |
|---|---|
| Altri autori: | , |
| Natura: | Libro |
| Pubblicazione: |
Delhi ;
Universal Law Publishing Co. ,
c2007.
|
| Edizione: | 3rd ed. |
| Soggetti: | |
| Tags: |
Aggiungi Tag
Nessun Tag, puoi essere il primo ad aggiungerne!!
|
MARC
| LEADER | 00000nam a22000007a 4500 | ||
|---|---|---|---|
| 005 | 20260421065026.0 | ||
| 020 | |a 9788175345522 |c TZS 35,186.29 | ||
| 040 | |a MCCL |b eng. |e AACR 2nd rev. ed. | ||
| 082 | |a 342.042 DIW | ||
| 100 | |a Diwan, Paras | ||
| 245 | |a The law of intestate and Testamentary succession |c Paras Diwan and Shailendra Jain & Peeyushi Diwan | ||
| 250 | |a 3rd ed. | ||
| 260 | |a Delhi ; |b Universal Law Publishing Co. , |c c2007. | ||
| 300 | |a cv, 1075 p. : |b ill. ; |c 24 cm. | ||
| 504 | |a Includes Index | ||
| 546 | |a eng. | ||
| 650 | |a The law of intestate and Testamentary succession | ||
| 700 | |a Jain, Shailendra | ||
| 700 | |a Diwan, Peeyushi | ||
| 942 | |c BK | ||
| 999 | |c 12717 |d 12717 | ||